00951nam a22002297a 450000500170000001000150001702000260003203500140005803700090007208200200008110000300010124500790013125000070021026000570021727000890027430000320036350000770039570000340047294200340050699900190054095201620055920241129112642.0 aENG-142721 c860.00a9789361593000 aEN-126253 bDBAD a338.1095475210 aFeldman, Robert S.974331 aDevelopment Across The Life Span/cBy Robert S. Feldman [and] Nandita Babu a10 aUttar PradeshbPearson India Education Pvt Ltdc2025 bUttar Pradesha1st FLoor, Berger Tower, Plot No. C-001A/2, Sector-16B, Noidae201301 axxvi,695p.c28cm(pb)bIndex aIndian Sociocultural Context | Includes World Events (Covid-19 Pandemic) aBabu, Nandita eAuthor974332 2ddccENh338.1095475mFELe10 c207197d207197 001040708NFICaZLSbZLSd2024-11-29eDelivery of Books Act Divisiong860.00l0o338.1095475 FELpEN-126253r2024-11-29 00:00:00t1v860.00w2024-11-29yEN